| 000 | 01471nam a22004097a 4500 | ||
|---|---|---|---|
| 001 | 1632671 | ||
| 003 | OSt | ||
| 005 | 20210426120201.0 | ||
| 008 | 960118s1996 nyu b 001 0 eng | ||
| 010 | _a 96000144 | ||
| 020 | _a0684809125 | ||
| 040 |
_aDLC _cDLC _dDLC _beng |
||
| 041 | _aeng | ||
| 043 | _ae-ur-ru | ||
| 050 | 0 | 0 |
_aDK510.762 _b.R36 1996 |
| 080 |
_a821.111 _bR-20 |
||
| 082 | 0 | 0 |
_a947 _220 |
| 100 | 1 | _aRandolph, Eleanor. | |
| 245 | 1 | 0 |
_aWaking the tempests : _bordinary life in the new Russia / _c/ by: Simon & Schuster |
| 260 |
_aNew York : _bSimon & Schuster _c1996. |
||
| 300 |
_a431 p. _c24 cm. |
||
| 365 | _b26 usd | ||
| 504 | _aIncludes bibliographical references (p. 391-410) and index. | ||
| 600 | 1 | 0 |
_aRandolph, Eleanor _xTravel _zRussia (Federation) |
| 650 | 0 |
_aPost-communism _zRussia (Federation) |
|
| 650 | 0 |
_aEnglish literature _9247 |
|
| 651 | 0 |
_aRussia (Federation) _xCivilization. |
|
| 651 | 0 |
_aRussia (Federation) _xSocial life and customs. |
|
| 651 | 0 |
_aRussia (Federation) _xSocial conditions _y1991- |
|
| 651 | 0 |
_aRussia (Federation) _xDescription and travel. |
|
| 653 | _aინგლისური ლიტერატურა | ||
| 653 | _aპოსტკომუნიზმი | ||
| 653 | _aრუსეთი | ||
| 906 |
_a7 _bcbc _corignew _d1 _eocip _f19 _gy-gencatlg |
||
| 942 |
_2udc _cBK |
||
| 999 |
_c1029 _d1029 |
||